[Event "Philadelphia National op 38th"]
[Site "Philadelphia"]
[Date "2007.11.24"]
[Round "3"]
[White "Fayvinov, Zakhar"]
[Black "Bonin, Jay R"]
[Result "0-1"]
[WhiteElo "2186"]
[BlackElo "2343"]
[PlyCount "68"]
[EventDate "2007.11.23"]
[EventType "swiss"]
[EventRounds "6"]
[EventCountry "USA"]
[SourceTitle "EXT 2012"]
[Source "ChessBase"]
[SourceDate "2011.11.24"]
[SourceVersion "1"]
[SourceVersionDate "2011.11.24"]
[SourceQuality "1"]

1. Nf3 Nf6 2. c4 b6 3. g3 c5 4. Bg2 Bb7 5. 0-0 g6 6. b3 Bg7 7. Bb2 0-0 8. Nc3 Nc6 9. d4 Nxd4 10. Nxd4 Bxg2 11. Kxg2 cxd4 12. Qxd4 d6 13. Rad1 a6 14. Qd3 Qb8 15. a4 Rd8 16. Ba1 Qb7+ 17. Kg1 e6 18. e4 Rd7 19. Qe2 Rad8 20. Bb2 Nxe4 21. Nxe4 Bxb2 22. Nxd6 Rxd6 23. Rxd6 Rxd6 24. Qxb2 Qe4 25. Qc3 Rd3 26. Qb4 Qd4 27. a5 b5 28. Qe7 bxc4 29. bxc4 Qxc4 30. Rb1 Kg7 31. Qa7 h5 32. h4 e5 33. Qb6 Ra3 34. Rd1 Qa4 0-1

[Event "Chicago op 11th"]
[Site "Chicago"]
[Date "2002.05.25"]
[Round "2"]
[White "Fayvinov, Zakhar"]
[Black "Larson, Gerald A"]
[Result "1-0"]
[WhiteElo "2307"]
[BlackElo "2194"]
[PlyCount "57"]
[EventDate "2002.05.24"]
[EventType "swiss"]
[EventRounds "7"]
[EventCountry "USA"]
[SourceTitle "CBM 088 Extra"]
[Source "ChessBase"]
[SourceDate "2002.07.01"]
[SourceVersion "2"]
[SourceVersionDate "2002.07.01"]
[SourceQuality "1"]

1. Nf3 Nf6 2. c4 g6 3. g3 Bg7 4. Bg2 d5 5. cxd5 Nxd5 6. 0-0 0-0 7. d4 c6 8. Nc3 Nxc3 9. bxc3 Nd7 10. Bg5 b6 11. Qc1 Bb7 12. Bh6 Qc7 13. Bxg7 Kxg7 14. c4 c5 15. d5 Rfe8 16. Rd1 Rad8 17. a4 h6 18. a5 bxa5 19. Qc3+ Kh7 20. Rxa5 Ra8 21. Rda1 e6 22. dxe6 Rxe6 23. Rxa7 Rxa7 24. Rxa7 Qb6 25. Rxb7 Qd6 26. Qd2 Qxd2 27. Nxd2 Rd6 28. Bd5 f5 29. e4 1-0

[Event "US Open-102"]
[Site "Framingham"]
[Date "2001.08.12"]
[Round "9"]
[White "MacArthur, John"]
[Black "Fayvinov, Zakhar"]
[Result "1/2-1/2"]
[WhiteElo "2150"]
[BlackElo "2272"]
[PlyCount "24"]
[EventDate "2001.08.04"]
[EventType "swiss"]
[EventRounds "9"]
[EventCountry "USA"]
[SourceTitle "CBM 083 Extra"]
[Source "ChessBase"]
[SourceDate "2001.09.11"]
[SourceVersion "1"]
[SourceVersionDate "2001.09.11"]
[SourceQuality "1"]

1. e4 c6 2. d4 d5 3. f3 dxe4 4. fxe4 e5 5. Nf3 exd4 6. Bc4 Nf6 7. e5 Nd5 8. Qxd4 Be6 9. Ng5 Nd7 10. Nxe6 fxe6 11. Qg4 Nxe5 12. Qxe6+ Qe7 1/2-1/2

[Event "US Open-102"]
[Site "Framingham"]
[Date "2001.08.11"]
[Round "8"]
[White "Fayvinov, Zakhar"]
[Black "Ippolito, Dean"]
[Result "1/2-1/2"]
[WhiteElo "2272"]
[BlackElo "2394"]
[PlyCount "90"]
[EventDate "2001.08.04"]
[EventType "swiss"]
[EventRounds "9"]
[EventCountry "USA"]
[SourceTitle "CBM 083 Extra"]
[Source "ChessBase"]
[SourceDate "2001.09.11"]
[SourceVersion "1"]
[SourceVersionDate "2001.09.11"]
[SourceQuality "1"]

1. Nf3 d5 2. d4 Nf6 3. c4 e6 4. Nc3 c6 5. cxd5 exd5 6. Qc2 Na6 7. a3 Nc7 8. Bg5 g6 9. e3 Bf5 10. Bd3 Bxd3 11. Qxd3 Ne6 12. Bh4 Be7 13. 0-0 0-0 14. Rfd1 Ng7 15. Bxf6 Bxf6 16. e4 dxe4 17. Nxe4 Ne6 18. g3 Nc7 19. Qb3 Rb8 20. Ne5 Nd5 21. Nc3 Nxc3 22. bxc3 Qc7 23. Re1 Bg7 24. Rab1 Rfe8 25. Nd3 b6 26. Qc4 Bf8 27. Ne5 Rbc8 28. a4 c5 29. Qb5 Kg7 30. Nf3 Rxe1+ 31. Rxe1 cxd4 32. cxd4 Qc6 33. Ne5 Qc3 34. Re4 Rc7 35. Kg2 Bd6 36. Qd5 Bxe5 37. Qxe5+ f6 38. Qd6 Qc6 39. Qxc6 Rxc6 40. Re7+ Kh6 41. Rxa7 Rd6 42. Ra6 Rxd4 43. Rxb6 Rxa4 44. Rxf6 Kg5 45. Rb6 Kf5 1/2-1/2

[Event "Washington Eastern op"]
[Site "Washington DC"]
[Date "2000.12.28"]
[Round "3"]
[White "Fayvinov, Zakhar"]
[Black "Fernandez, Daniel"]
[Result "1-0"]
[WhiteElo "2288"]
[BlackElo "2212"]
[PlyCount "57"]
[EventDate "2000.12.27"]
[EventType "swiss"]
[EventRounds "8"]
[EventCountry "USA"]
[SourceTitle "EXT 2002"]
[Source "ChessBase"]
[SourceDate "2001.11.25"]
[SourceVersion "1"]
[SourceVersionDate "2001.11.25"]
[SourceQuality "1"]

1. d4 d5 2. c4 e6 3. Nc3 c6 4. e3 Nf6 5. Nf3 Nbd7 6. Bd3 dxc4 7. Bxc4 b5 8. Bd3 Bb7 9. e4 a6 10. e5 Nd5 11. Nxd5 cxd5 12. 0-0 Be7 13. Bd2 0-0 14. Qe1 Nb8 15. Qb1 h6 16. Qc1 f5 17. exf6 Rxf6 18. Ne5 Qb6 19. Be3 Nc6 20. Nd7 Qa7 21. Qd1 Bc8 22. Nxf6+ Bxf6 23. Rc1 Nxd4 24. Qg4 Bd7 25. Rfd1 Kf8 26. Qg3 Ke7 27. Bf1 h5 28. Rxd4 Bxd4 29. Qh4+ 1-0

[Event "Philadelphia National Congress 31st"]
[Site "Philadelphia"]
[Date "2000.11.26"]
[Round "2"]
[White "Zaichik, Gennadi"]
[Black "Fayvinov, Zakhar"]
[Result "1-0"]
[WhiteElo "2495"]
[BlackElo "2288"]
[PlyCount "63"]
[EventDate "2000.11.26"]
[EventType "swiss"]
[EventRounds "6"]
[EventCountry "USA"]
[SourceTitle "CBM 079 Extra"]
[Source "ChessBase"]
[SourceDate "2001.01.11"]
[SourceVersion "2"]
[SourceVersionDate "2001.01.25"]
[SourceQuality "1"]

1. e4 c6 2. Nc3 d5 3. Nf3 Bg4 4. h3 Bxf3 5. Qxf3 e6 6. a3 Nd7 7. d3 Ngf6 8. g3 Ne5 9. Qe2 d4 10. Nd1 c5 11. Bg2 Nc6 12. e5 Nd5 13. 0-0 Qc7 14. f4 0-0-0 15. c4 dxc3 16. bxc3 g5 17. Rb1 gxf4 18. c4 f3 19. Rxf3 Nd4 20. Qe4 Nxf3+ 21. Qxf3 Nb6 22. a4 Rd7 23. a5 Na4 24. a6 Nb6 25. axb7+ Kb8 26. Qe2 Qd8 27. Nf2 Rg8 28. Bf4 Rd4 29. Ra1 Nd7 30. Rxa7 Qb6 31. Ra8+ Kc7 32. Rc8# 1-0

[Event "US Open-101"]
[Site "Saint Paul"]
[Date "2000.08.10"]
[Round "6"]
[White "Fayvinov, Zakhar"]
[Black "Dowling, John G"]
[Result "0-1"]
[WhiteElo "2288"]
[BlackElo "2124"]
[PlyCount "72"]
[EventDate "2000.08.05"]
[EventType "swiss"]
[EventRounds "9"]
[EventCountry "USA"]
[SourceTitle "EXT 2001"]
[Source "ChessBase"]
[SourceDate "2000.11.22"]
[SourceVersion "1"]
[SourceVersionDate "2000.11.22"]
[SourceQuality "1"]

1. c4 e5 2. Nc3 Nc6 3. g3 g6 4. Bg2 Bg7 5. e4 d6 6. Nge2 Be6 7. Nd5 Qd7 8. Rb1 Nce7 9. h3 f5 10. d3 c6 11. Ne3 d5 12. exf5 gxf5 13. b3 Nf6 14. Bb2 Ng6 15. f4 exf4 16. Nxf4 Nxf4 17. gxf4 0-0-0 18. 0-0 Rhg8 19. c5 Qf7 20. Rf2 Nh5 21. Bxg7 Rxg7 22. d4 Rdg8 23. Kf1 Ng3+ 24. Ke1 Ne4 25. Bxe4 Rg1+ 26. Rf1 fxe4 27. Kd2 Rxf1 28. Qxf1 Qg7 29. Kc3 Qg3 30. Re1 Bxh3 31. Qh1 Rf8 32. Kd2 Rxf4 33. Qg1 Rf2+ 34. Kd1 Bg2 35. Re2 Rxe2 36. Kxe2 Bf3+ 0-1

[Event "US Open-101"]
[Site "Saint Paul"]
[Date "2000.08.08"]
[Round "4"]
[White "Fayvinov, Zakhar"]
[Black "Bisguier, Arthur Bernard"]
[Result "1-0"]
[WhiteElo "2288"]
[BlackElo "2328"]
[PlyCount "81"]
[EventDate "2000.08.05"]
[EventType "swiss"]
[EventRounds "9"]
[EventCountry "USA"]
[SourceTitle "EXT 2001"]
[Source "ChessBase"]
[SourceDate "2000.11.22"]
[SourceVersion "1"]
[SourceVersionDate "2000.11.22"]
[SourceQuality "1"]

1. c4 e5 2. Nc3 Bb4 3. Nf3 Bxc3 4. bxc3 Nc6 5. d4 d6 6. g3 f5 7. Bg2 Nf6 8. 0-0 0-0 9. Ba3 e4 10. Nd2 Qe8 11. e3 b6 12. c5 bxc5 13. dxc5 d5 14. c4 d4 15. exd4 Nxd4 16. Nxe4 Nf3+ 17. Qxf3 fxe4 18. Qf4 Qc6 19. Bb2 Bb7 20. Rab1 Qxc5 21. Ba3 Qxa3 22. Rxb7 Qd6 23. Qe3 a5 24. Rb5 c6 25. Rb7 Rab8 26. Ra7 Qb4 27. Qg5 Rf7 28. Qxa5 Qxc4 29. Rxf7 Qxf7 30. a4 h6 31. Qc3 Qd5 32. Ra1 Rb3 33. Qc2 Rd3 34. Bf1 Qd4 35. Rc1 Ra3 36. Qxc6 Qxa4 37. Qe6+ Kh7 38. Qf5+ Kg8 39. Rc8+ Ne8 40. Bc4+ Kh8 41. Qf8+ 1-0

[Event "World op 24th"]
[Site "Philadelphia"]
[Date "1996.??.??"]
[Round "?"]
[White "Acosta, Mariano"]
[Black "Fayvinov, Zakhar"]
[Result "1-0"]
[WhiteElo "2110"]
[BlackElo "2280"]
[PlyCount "39"]
[EventDate "1996.06.29"]
[EventType "swiss"]
[EventRounds "9"]
[EventCountry "USA"]
[SourceTitle "EXT 2001"]
[Source "ChessBase"]
[SourceDate "2000.11.22"]
[SourceVersion "1"]
[SourceVersionDate "2000.11.22"]
[SourceQuality "1"]

1. e4 e6 2. d4 d5 3. Nd2 c5 4. Ngf3 Nc6 5. exd5 exd5 6. Be2 cxd4 7. Nb3 Bd6 8. Nbxd4 Nge7 9. 0-0 0-0 10. Re1 a6 11. Bd3 h6 12. c3 Qc7 13. h3 Ne5 14. Nxe5 Bxe5 15. Be3 Rd8 16. Qh5 Bf6 17. Re2 Kf8 18. Rae1 Bd7 19. Bxh6 Ng8 20. Bg5 1-0

[Event "World op 23rd"]
[Site "Philadelphia"]
[Date "1995.??.??"]
[Round "9"]
[White "Fishbein, Alexander"]
[Black "Fayvinov, Zakhar"]
[Result "1-0"]
[WhiteElo "2550"]
[BlackElo "2280"]
[PlyCount "57"]
[EventDate "1995.06.??"]
[EventType "swiss"]
[EventRounds "9"]
[EventCountry "USA"]
[SourceTitle "EXT 2000"]
[Source "ChessBase"]
[SourceDate "1999.11.16"]
[SourceVersion "1"]
[SourceVersionDate "1999.11.16"]
[SourceQuality "1"]

1. e4 Nf6 2. e5 Nd5 3. d4 d6 4. c4 Nb6 5. exd6 cxd6 6. d5 e6 7. Nc3 Be7 8. Nf3 exd5 9. cxd5 Bg4 10. Be2 N8d7 11. 0-0 0-0 12. Bf4 Nf6 13. Re1 Re8 14. h3 Bh5 15. a4 Nbd7 16. Nd4 Bxe2 17. Rxe2 Bf8 18. Rxe8 Nxe8 19. Nf5 Ne5 20. Qe2 Ng6 21. Bg3 Qd7 22. Ne3 Nf6 23. a5 Re8 24. a6 Ne4 25. Nxe4 Rxe4 26. Qc2 Rb4 27. Qc3 Rb5 28. Qd4 Rb6 29. Qxb6 1-0